Zwycięzcy Złotej Piłki - Statystyki

Ogólne statystyki
  • Ten quiz został rozwiązany 1 039 razy
    626 od ostatniego zresetowania
  • Średni wynik to 37 z 68
Statystyki odpowiedzi
Rok Państwo Zawodnik % Poprawnych
2009 Argentyna Messi
99%
2010 Argentyna Messi
99%
2011 Argentyna Messi
99%
2012 Argentyna Messi
99%
2015 Argentyna Messi
99%
2019 Argentyna Messi
99%
2021 Argentyna Messi
99%
2023 Argentyna Messi
99%
1997 Brazylia Ronaldo
99%
2002 Brazylia Ronaldo
99%
2008 Portugalia Ronaldo
99%
2013 Portugalia Ronaldo
99%
2014 Portugalia Ronaldo
99%
2016 Portugalia Ronaldo
99%
2017 Portugalia Ronaldo
99%
2018 Chorwacja Modrić
95%
2024 Hiszpania Rodri
95%
2022 Francja Benzema
92%
2005 Brazylia Ronaldinho
84%
2007 Brazylia Kaka
81%
2006 Włochy Cannavaro
74%
1998 Francja Zidane
74%
2000 Portugalia Figo
71%
2003 Czechy Nedved
69%
2004 Ukraina Szewczenko
65%
1999 Brazylia Rivaldo
57%
1988 Holandia Van Basten
55%
1989 Holandia Van Basten
55%
1992 Holandia Van Basten
55%
1995 Liberia Weah
55%
2001 Anglia Owen
54%
1972 RFN/Niemcy Beckenbauer
52%
1976 RFN/Niemcy Beckenbauer
52%
1968 Irlandia Północna Best
52%
1987 Holandia Gullit
51%
1983 Francja Platini
51%
1984 Francja Platini
51%
1985 Francja Platini
51%
1970 RFN/Niemcy Muller
50%
1963 ZSRR Jaszyn
49%
1957 Hiszpania Di Stefano
47%
1959 Hiszpania Di Stefano
47%
1994 Bułgaria Stoiczkow
47%
1965 Portugalia Eusebio
43%
1993 Włochy Baggio
37%
1966 Anglia Charlton
37%
1990 Niemcy Matthaus
34%
1960 Hiszpania Suarez
30%
1971 Holandia Cruijff
27%
1973 Holandia Cruijff
27%
1974 Holandia Cruijff
27%
1991 Francja Papin
24%
1996 Niemcy Sammer
19%
1982 Włochy Rossi
18%
1980 RFN/Niemcy Rummenigge
16%
1981 RFN/Niemcy Rummenigge
16%
1958 Francja Kopa
14%
1964 Szkocja Law
14%
1956 Anglia Matthews
13%
1978 Anglia Keegan
12%
1979 Anglia Keegan
12%
1986 ZSRR Biełanow
9%
1975 ZSRR Błochin
9%
1977 Dania Simonsen
8%
1962 Czechosłowacja Masopust
7%
1967 Węgry Albert
6%
1961 Włochy Sivori
6%
1969 Włochy Rivera
5%
Nie znaleziono quizów pasujących do podanych kryteriów
Rozkład punktacji
Procent ludzi z każdym wynikiem
Percentyl według liczby udzielonych odpowiedzi
Twoja historia wyników
Nie rozwiązałeś tego quizu od ostatniego zresetowania